Заметки об аккредитации инженерных образовательных программ в Литве; Инженерное образование; № 9

Detalles Bibliográficos
Parent link:Инженерное образование: электронный научный журнал/ Ассоциация инженерного образования России (АИОР).— : [Б. и.], 2003-.— 1810-2883
№ 9.— 2012.— [С. 40-45]
Autor principal: Шапошников С. О. Сергей Олегович
Sumario:Заглавие с титульного листа
В статье рассматриваются некоторые особенности нормативной базы и практических аспектов реализации процесса внешней независимой оценки программ инженерного образования в вузах Литвы.
The paper presents review of the specific features of legislation documents and further implementation of external independent assessment of engineering educational programs in Lithuania.
Lenguaje:ruso
Publicado: 2012
Colección:Внешний и внутренний контроль качества инженерной подготовки
Materias:
Acceso en línea:https://old.aeer.ru/files/io/m9/art_5.pdf
Formato: MixedMaterials Electrónico Capítulo de libro
KOHA link:https://koha.lib.tpu.ru/cgi-bin/koha/opac-detail.pl?biblionumber=515214

MARC

LEADER 00000naa2a2200000 4500
001 515214
005 20250520134959.0
035 |a (RuTPU)RU\TPU\prd\192318 
035 |a RU\TPU\prd\192285 
090 |a 515214 
100 |a 20130724d2012 k y0rusy50 ca 
101 0 |a rus 
102 |a RU 
135 |a drnn ---uucaa 
181 0 |a i  
182 0 |a b 
200 1 |a Заметки об аккредитации инженерных образовательных программ в Литве  |b Электронный ресурс  |f С. О. Шапошников 
203 |a Текст  |c электронный 
215 |a 1 файл (155 Кб) 
225 1 |a Внешний и внутренний контроль качества инженерной подготовки 
230 |a Электронные текстовые данные (1 файл : 155 Кб) 
300 |a Заглавие с титульного листа 
320 |a [Библиогр.: с. 45 (4 назв.)] 
330 |a В статье рассматриваются некоторые особенности нормативной базы и практических аспектов реализации процесса внешней независимой оценки программ инженерного образования в вузах Литвы. 
330 |a The paper presents review of the specific features of legislation documents and further implementation of external independent assessment of engineering educational programs in Lithuania. 
337 |a Adobe Reader 
461 1 |0 (RuTPU)RU\TPU\prd\176632  |x 1810-2883  |t Инженерное образование  |o электронный научный журнал  |f Ассоциация инженерного образования России (АИОР)  |n [Б. и.]  |d 2003- 
463 1 |0 (RuTPU)RU\TPU\prd\192267  |t № 9  |v [С. 40-45]  |d 2012 
610 1 |a высшее профессиональное образование 
610 1 |a инженерное образование 
610 1 |a образовательные программы 
610 1 |a инженерные программы 
610 1 |a аккредитация 
610 1 |a вузы 
610 1 |a высшие учебные заведения 
610 1 |a Литва 
610 1 |a электронный ресурс 
700 1 |a Шапошников  |b С. О.  |g Сергей Олегович 
801 1 |a RU  |b 63413507  |c 20090623  |g PSBO 
801 2 |a RU  |b 63413507  |c 20130724  |g PSBO 
856 4 |u https://old.aeer.ru/files/io/m9/art_5.pdf 
942 |c BK